000
00223nam a22000857a 4500
008
161228b xxu||||| |||| 00| 0 eng d
100
_9
2210
_a
Gupta.V
245
_a
intreactive Computer Science-8
260
_a
New Delhi
_b
Encylo
_c
2011
999
_c
5098
_d
5098